00740nam a22002057a 450000500170000001000150001702000110003203500140004303700090005708200100006610000250007624500580010126000380015927001060019730000210030349000110032494200240033599900190035995201560037820250530103419.0 aENG-145036 c270.00 aEN-128568 bDBAD a230.5 aSai, Vasantha981461 aPrema Sai Avatar Part III:bSai Digest/cVasantha Sai aTamil NadubMukthi Nilayam c2008 aRoyapalayam Village B.O. Tirumangalam S.O. Madurai-Virudhunagar Road, Madurai Dt.bTamil Nadue625706 a251p.:c24cm(pb) vPart 3 2ddccENh230.5mSAI c211459d211459 001040708NFICaNPLbNPLd2025-05-30eDelivery of Books Act Divisiong270.00l0o230.5 SAIpEN-128568r2025-05-30 00:00:00t1v270.00w2025-05-30yEN